000 00346nam a2200121Ia 4500
005 20251222144918.0
008 251222s9999||||xx |||||||||||||| ||spa||
082 _a869.569/H52
100 _aHiggins, James
245 0 _aVisión del Hombre y de la Vida en las Últimas Obras Poéticas de César Vallejo
264 _bSiglo Veintiuno
942 _cLIB
999 _c22610
_d22610